1084 1101 1071 1435 1005 1854 1423 1859 1611 1864 1278 1900 1585 1573 1113 1267 1080 1185 1151 1519 1265 1204 1523 1888 1253 1704 1497 1953 1711 1212 1401 1022 1848 1634 1828 1156 1525 1782 1424 1182 1421 1209 1489 1000 1687 1024 1691 1570 1254 1538 1356 1176 1055 1929 1628 1156 1997 1968 1527 1686 1179 1302 1757 1408 1075 1094 1642 1312 1228 1176 1350 1906 1699 1832 1841 1440 1227 1890 1615 1995 1244 1122 1359 1583 1675 1444 1092 1371 1223 1016 1720 1082 1198 1931 1269 1504 1014 1400 1059 BCNSPRNW ULIB Ver.6.0+V

เปลี่ยนเป็นภาษาไทย

Change to English
 แสดงรายละเอียดบรรณานุกรม
  กลับหน้าหลัก

Brief Record : Get Marc (ISO 2709) : E-mail record : QR code < ปิดหน้าต่าง
LEADER : 00000nam 2200000uu 4500
001    13399113580
003     ULIB
008    110627s2550||||th 000 0 tha d
020    9789747503265
090    นว.^bอ854ซ 2550
100 0  อุรัสยา
245 00 ซ้อนรอยรัก/^cอุรัสยา
250    พิมพ์ครั้งที่ 2
260    กรุงเทพฯ :^bแจ่มใส,^c2550
300    315 หน้า
710 1  แจ่มใส
945    ^p199^l0^i021016
995    ทศพร
999 ^a ใช้งานได้ทุกระบบ
รายการนี้ยังไม่มีแท็ก
คุณยังไม่ได้ล็อกอิน คุณสามารถมีกิจกรรมร่วมกับเว็บไซต์ได้ แต่ต้องล็อกอินก่อน ::
  ล็อกอิน

รายการสื่อสารสนเทศ

ลำดับที่ ประเภท เลขเรียก/บาร์โค้ด สถานที่ สถานะ
1. นวนิยาย
นวนิยาย
นว. อ854ซ 2550 ฉ.1 
  Barcode: 021016
ห้องสมุดวิทยาเขตสวรรค์ประชารักษ์
►นวนิยาย
บนชั้น
  ขอยืม

BibComment


ยังไม่เคยถูกคอมเมนท์

คอมเมนท์ทรัพยากรรายการนี้
  คอมเมนท์: ซ้อนรอยรัก อุรัสยา


 Copyright 2026. Bcnsprnw @Library